00618 2200229 4500001002100000005001700021008004100038020001800079035002500097040001200122082001100134084001800145100001600163245005500179250001200234260004200246300003500288650001800323700001800341850001200359990001700371INLIS00000000000841820150730101107.0 ind  a979-511-627-4 a0010-071500000001101 aYOPDYOG a728.37 a728.37bZai R aZainal A.Z. aRumah Idamanc/ A.Z. Zainal; editor, Made Suartika aCet. 11 aJakartabGramedia Pustaka Utamac2004 avii 66 hlm. :bilus. ;c30 cm. aRumah tinggal aSuartika Made aYOPDYOG a2236-PK/B.05